书目信息 |
| 题名: |
品读人生:生命体验与人生品味
|
|
| 作者: | 滕浩 选编 | |
| 分册: | ||
| 出版信息: | 北京 当代世界出版社 2000.02 |
|
| 页数: | 470页 | |
| 开本: | 32开 | |
| 丛书名: | ||
| 单 册: | ||
| 中图分类: | I266 | |
| 科图分类: | ||
| 主题词: | 散文--中国 , 散文--作品综合集--中国 | |
| 电子资源: | ||
| ISBN: | 7-80155-292-X | |
| 000 | 00641nam0 2200205 45 | |
| 001 | 0010041925 | |
| 005 | 20001004193800.6 | |
| 010 | @a7-80155-292-X@d23.80元 | |
| 100 | @a20001004d2000 km y0chiy0120 ea | |
| 101 | 0 | @achi |
| 105 | @a z 000yy@APin Du Ren Sheng:Sheng Ming Ti Yan Yu Ren Sheng PinWei@APin Du Ren Sheng | |
| 200 | 1 | @a品读人生:生命体验与人生品味@f滕浩选编@FTeng HaoXuan Bian |
| 210 | @a北京@c当代世界出版社@d2000.02 | |
| 215 | @a470页@d32开 | |
| 606 | 0 | @a散文@x中国 |
| 606 | 0 | @a散文@x作品综合集@x中国 |
| 690 | @aI266@v3 | |
| 701 | 0 | @a滕浩@4选编 |
| 801 | @aCN@bPftUser@c20001004 | |
| 905 | @b413963-964@dI266@eT.138@f2 | |
| 品读人生:生命体验与人生品味/滕浩选编.-北京:当代世界出版社,2000.02 |
| 470页;32开 |
| ISBN 7-80155-292-X:23.80元 |
| ● |
| 相关链接 |
|
|
|
正题名:品读人生:生命体验与人生品味
索取号:I266/T.138
 
预约/预借
| 序号 | 登录号 | 条形码 | 馆藏地/架位号 | 状态 | 备注 |
| 1 | 413963 | 204139636 | 文学库116/ [索取号:I266/T.138] | 在馆 | |
| 2 | 413964 | 204139645 | 社科二线422/422社科库 28排3列1层/ [索取号:I266/T.138] | 在馆 |